00000000nam##2200000za#4500
0019.573636
003CaOODSP
00520210624183808
007cr |||||||||||
008150406|2004||||xxc|||||o    f|0| 0 eng|d
040 |aCaOODSP|beng
043 |an-cn---
0861 |aT41-1/4E-PDF
1101 |aCanada. |bTransport Canada.
24510|aVillage de la Gare : |h[electronic resource]|btransit-oriented residential development
260 |aOttawa - Ontario : |bTransport Canada |cJuly 2004.
300 |a6p.|bgraphs, maps, photographs
4901 |aCase studies in sustainable transportation|vCase study 4
500 |aAt head of title: Urban Transportation Showcase Program. "Mont-Saint-Hilaire, Quebec".
590 |a12-20-Supp|b2012-05-09
77508|tVillage de la Gare : |w(CaOODSP)9.603735
830#0|aCase studies in sustainable transportation ;|vCase study 4|w(CaOODSP)9.506851
85640|ahttp://publications.gc.ca|qPDF|s493 KB|uhttps://publications.gc.ca/collections/collection_2012/tc/T41-1-04-eng.pdf|yCase study 4
986 |aTP14249E